The coming struggle for Latin America / (Record no. 34485)
[ view plain ]
| 000 -CABECERA | |
|---|---|
| campo de control de longitud fija | 00453nam a2200145 a 4500 |
| 001 - NÚMERO DE CONTROL | |
| campo de control | 000034994 |
| 005 - FECHA Y HORA DE LA ÚLTIMA TRANSACCIÓN | |
| campo de control | 20200930074032.0 |
| 008 - DATOS DE LONGITUD FIJA--INFORMACIÓN GENERAL | |
| campo de control de longitud fija | 111024s1938 xxub 000 0 spa d |
| 040 ## - FUENTE DE LA CATALOGACIÓN | |
| Centro catalogador/agencia de origen | DO-SdBNP |
| Lengua de catalogación | spa |
| Centro/agencia transcriptor | BNPHU |
| 082 ## - NÚMERO DE LA CLASIFICACIÓN DECIMAL DEWEY | |
| Número de clasificación | xxx |
| Número de documento/Ítem | B366c |
| 100 1# - ENTRADA PRINCIPAL--NOMBRE DE PERSONA | |
| Nombre de persona | Beals, Carleton |
| 9 (RLIN) | 60603 |
| 245 10 - MENCIÓN DE TÍTULO | |
| Título | The coming struggle for Latin America / |
| Mención de responsabilidad, etc. | Carleton Beals. |
| 260 ## - PUBLICACIÓN, DISTRIBUCIÓN, ETC. | |
| Lugar de publicación, distribución, etc. | Philadelphia ; |
| -- | New York : |
| Nombre del editor, distribuidor, etc. | J. B. Lippincott Company, |
| Fecha de publicación, distribución, etc. | 1938. |
| 300 ## - DESCRIPCIÓN FÍSICA | |
| Extensión | 401 p. : |
| Otras características físicas | map. ; |
| Dimensiones | 21 cm. |
| Estado de retiro | Estado de pérdida | Restricciones de uso | No para préstamo | Código de colección | Localización permanente | Ubicación/localización actual | Ubicación en estantería | Fecha de adquisición | Número de inventario | Total de préstamos | Signatura topográfica completa | Código de barras | Fecha visto por última vez | Precio válido a partir de | Tipo de ítem Koha | Nota pública | Número de copia |
|---|---|---|---|---|---|---|---|---|---|---|---|---|---|---|---|---|---|
| Excluido de préstamo | Raros y valiosos | General | General | Depósito | 24.10.2011 | LF1 | xxx B366c | 34994-10 | 25.06.2020 | 25.06.2020 | No se presta | Perteneció a la biblioteca personal de Juan Isidro Jimenes- Grullón | |||||
| Extraviado | Excluido de préstamo | Raros y valiosos | General | General | Extraviado | 24.10.2011 | LF1 | xxx B366c | 34994-20 | 25.06.2020 | 25.06.2020 | No se presta | Perteneció a la biblioteca personal de Juan Isidro Jimenes- Grullón | e. 2 |
